Využitie e-learningového systému Aropä pri výučbe predmetu etika, korupcia a transparentnosť
Použitie e-learningových systémov na rozvoj kognitívnych a afektívnych schopností. Systémy PeerWise a Aropä.
Saved in:
| Main Author: | |
|---|---|
| Other Authors: | |
| Format: | Book Chapter |
| Language: | Slovak |
| Subjects: | |
| Tags: |
No Tags, Be the first to tag this record!
|
MARC
| LEADER | 00000nla a2200000 4500 | ||
|---|---|---|---|
| 001 | 0241533 | ||
| 005 | 20240523082021.1 | ||
| 041 | 0 | |a slo | |
| 044 | |a SK | ||
| 245 | 1 | 0 | |a Využitie e-learningového systému Aropä pri výučbe predmetu etika, korupcia a transparentnosť |c Tomáš Jacko, Jana Jacková |
| 520 | |a Použitie e-learningových systémov na rozvoj kognitívnych a afektívnych schopností. Systémy PeerWise a Aropä. | ||
| 610 | 2 | 0 | |a vzdelávanie elektronické |
| 610 | 2 | 0 | |a vyučovanie |
| 610 | 2 | 0 | |a technológie informačné |
| 610 | 2 | 0 | |a technológie komunikačné |
| 610 | 2 | 0 | |a vzdelanie vysokoškolské |
| 100 | 1 | |a Jacko, Tomáš, 1987- | |
| 700 | 1 | |a Jacková, Jana | |